Hunger Games Slot Machine Quiz Stats

Quiz not verified by Sporcle

Challenge
Share
Tweet
Embed
Score 0/60 Timer 10:00
1 Play Today
First/Last Name Character, Actor or Actress % Correct
KatnissKatniss Everdeen Jennifer Lawrence
99.7%
EverdeenKatniss Everdeen Jennifer Lawrence
99.7%
JenniferKatniss Everdeen Jennifer Lawrence
99.7%
LawrenceKatniss Everdeen Jennifer Lawrence
99.7%
PeetaPeeta Mellark Josh Hutcherson
78.9%
MellarkPeeta Mellark Josh Hutcherson
78.9%
JoshPeeta Mellark Josh Hutcherson
78.9%
HutchersonPeeta Mellark Josh Hutcherson
78.9%
HaymitchHaymitch Abernathy Woody Harrelson
76.8%
AbernathyHaymitch Abernathy Woody Harrelson
76.8%
WoodyHaymitch Abernathy Woody Harrelson
76.8%
HarrelsonHaymitch Abernathy Woody Harrelson
76.8%
EffieEffie Trinket Elizabeth Banks
76.5%
TrinketEffie Trinket Elizabeth Banks
76.5%
ElizabethEffie Trinket Elizabeth Banks
76.5%
BanksEffie Trinket Elizabeth Banks
76.5%
HawthorneGale Hawthorne Liam Hemsworth
76.2%
GaleGale Hawthorne Liam Hemsworth
76.2%
LiamGale Hawthorne Liam Hemsworth
76.2%
HemsworthGale Hawthorne Liam Hemsworth
76.2%
CaesarCaesar Flickerman Stanley Tucci
69.6%
FlickermanCaesar Flickerman Stanley Tucci
69.6%
StanleyCaesar Flickerman StanleyTucci
69.6%
TucciCaesar Flickerman Stanley Tucci
69.6%
CoriolanusCoriolanus Snow Donald Sutherland
68.1%
DonaldCoriolanus Snow Donald Sutherland
68.1%
SutherlandCoriolanus Snow Donald Sutherland
68.1%
PlutarchPlutarch Heavensbee Philip Seymour Hoffman
67.2%
HeavensbeePlutarch Heavensbee Philip Seymour Hoffman
67.2%
SnowCoriolanus Snow Donald Sutherland
67.2%
First/Last Name Character, Actor or Actress % Correct
Philip SeymourPlutarch Heavensbee Philip Seymour Hoffman
67.2%
HoffmanPlutarch Heavensbee Philip Seymour Hoffman
67.2%
PrimrosePrimrose Everdeen Willow Shields
63.6%
EverdeenPrimrose Everdeen Willow Shields
63.6%
WillowPrimrose Everdeen Willow Shields
63.6%
ShieldsPrimrose Everdeen Willow Shields
63.6%
FinnickFinnick Odair Sam Claflin
62%
OdairFinnick Odair Sam Claflin
62%
ClaflinFinnick Odair Sam Claflin
62%
SamFinnick Odair Sam Claflin
61.7%
AlmaAlma Coin Julianne Moore
61.4%
CoinAlma Coin Julianne Moore
61.4%
JulianneAlma Coin Julianne Moore
61.4%
MooreAlma Coin Julianne Moore
61.4%
JohannaJohanna Mason Jena Malone
60.8%
MasonJohanna Mason Jena Malone
60.8%
JenaJohanna Mason Jena Malone
60.8%
MaloneJohanna Mason Jena Malone
60.8%
SenecaSeneca Crane Wes Bentley
58.4%
CraneSeneca Crane Wes Bentley
58.4%
WesSeneca Crane Wes Bentley
58.4%
BentleySeneca Crane Wes Bentley
58.4%
ClaudiusClaudius Templesmith Toby Jones
55.4%
TemplesmithClaudius Templesmith Toby Jones
55.4%
TobyClaudius Templesmith Toby Jones
55.4%
JonesClaudius Templesmith Toby Jones
55.4%
AnnieAnnie Cresta Stef Dawson
55.1%
CrestaAnnie Cresta Stef Dawson
55.1%
StefAnnie Cresta Stef Dawson
55.1%
DawsonAnnie Cresta Stef Dawson
55.1%

You're not logged in!

Compare scores with friends on all Sporcle quizzes.
Sign Up with Email
OR
Log In

You Might Also Like...

Show Comments

Extras

Top Quizzes Today


Score Distribution

Your Account Isn't Verified!

In order to create a playlist on Sporcle, you need to verify the email address you used during registration. Go to your Sporcle Settings to finish the process.